[Event "Wuerttemberg-ch U16"]
[Site "Friedrichshafen"]
[Date "2005.04.02"]
[Round "7"]
[White "Kull, Sebastian"]
[Black "Eggert, Felix"]
[Result "0-1"]
[WhiteElo "1498"]
[BlackElo "1642"]
[PlyCount "62"]
[EventDate "2005.03.29"]
[EventType "swiss"]
[EventRounds "7"]
[EventCountry "GER"]
[SourceTitle "EXT 2007"]
[Source "ChessBase"]
[SourceDate "2006.11.23"]
[SourceVersion "1"]
[SourceVersionDate "2006.11.23"]
[SourceQuality "1"]

1. e4 e6 2. d4 d5 3. Nc3 Nf6 4. Bg5 Be7 5. e5 Nfd7 6. Bxe7 Qxe7 7. Bb5 c6 8. Be2 0-0 9. Nf3 c5 10. 0-0 Nc6 11. Re1 cxd4 12. Nxd4 Ncxe5 13. Bd3 Qd8 14. Nf3 Nc6 15. Qd2 Nf6 16. a3 a6 17. b4 Bd7 18. Na2 Na7 19. c4 dxc4 20. Bxc4 Bb5 21. Qxd8 Rfxd8 22. Bb3 Bc6 23. Ne5 Bd5 24. Bxd5 Nxd5 25. Rac1 Rac8 26. Nd3 b6 27. a4 Kf8 28. a5 b5 29. Nc5 Rd6 30. Re2 Nxb4 31. Nxe6+ fxe6 0-1